[Event "Titled Tue 17th Jun Late"]
[Site "chess.com INT"]
[Date "2025.06.17"]
[Round "6"]
[White "Calvo Gonzalez, Jose Felix"]
[Black "Vinolas Anglada, Laura"]
[Result "1-0"]
[WhiteTitle "CM"]
[BlackTitle "WCM"]
[WhiteElo "2168"]
[BlackElo "2059"]
[WhiteFideId "54505615"]
[BlackFideId "24517925"]
[EventDate "2025.06.17"]

1. e4 e5 2. Nf3 Nc6 3. Bc4 Nf6 4. Ng5 d5 5. exd5 Na5 6. Bb5+ c6 7. dxc6 bxc6 8.
Bd3 h6 9. Ne4 Nd5 10. Nbc3 Nf4 11. Bf1 f5 12. Ng3 Bd6 13. Nh5 O-O 14. Nxf4 exf4
15. Be2 c5 16. O-O Nc6 17. Bf3 Bb7 18. Nb5 Be5 19. c3 Qd7 20. Re1 Bb8 21. d4 a6
22. Na3 cxd4 23. Nc4 Rd8 24. Nb6 Qd6 25. Nxa8 Bxa8 26. Qb3+ Kh8 27. Bd2 g5 28.
Re6 Qc7 29. Rae1 g4 30. Re8+ Rxe8 31. Rxe8+ Kg7 32. Qg8+ Kf6 33. Re6# 1-0

[Event "Titled Tue 17th Jun Late"]
[Site "chess.com INT"]
[Date "2025.06.17"]
[Round "6"]
[White "Terkiewicz, Bruno"]
[Black "Naroditsky, Daniel"]
[Result "0-1"]
[WhiteTitle "CM"]
[BlackTitle "GM"]
[WhiteElo "2183"]
[BlackElo "2619"]
[WhiteFideId "21093245"]
[BlackFideId "2026961"]
[EventDate "2025.06.17"]

1. d4 Nf6 2. c4 g6 3. Nc3 Bg7 4. e4 d6 5. h3 O-O 6. Be3 c6 7. g4 c5 8. Nge2 cxd4
9. Nxd4 Nc6 10. Bg2 Nxd4 11. Bxd4 h5 12. g5 Nh7 13. Bxg7 Kxg7 14. f4 f6 15.
gxf6+ Nxf6 16. Qd2 Be6 17. b3 Qa5 18. O-O Rac8 19. f5 Bf7 20. Rad1 Qe5 21. Qd4
Qxd4+ 22. Rxd4 Nd7 23. fxg6 Bxg6 24. Rxf8 Rxf8 25. Nd5 Rf7 26. Nc7 Ne5 27. c5
dxc5 28. Ne6+ Kf6 29. Nxc5 Rg7 30. Kh2 e6 31. Rd6 Re7 32. h4 b6 33. Nd3 Ng4+ 34.
Kg3 Rc7 35. Bf3 Ke7 36. Rd4 Rc3 37. Nf4 Ne5 38. Nxg6+ Nxg6 39. Kf2 Rc2+ 40. Ke3
Rxa2 41. Bxh5 Nxh4 42. Kd3 Ng2 43. Ra4 Rxa4 44. bxa4 Nf4+ 0-1

[Event "Titled Tue 17th Jun Late"]
[Site "chess.com INT"]
[Date "2025.06.17"]
[Round "6"]
[White "Li, Eric 2007"]
[Black "Amarasinghe, A A C B"]
[Result "1-0"]
[WhiteTitle "IM"]
[BlackTitle "CM"]
[WhiteElo "2372"]
[BlackElo "1922"]
[WhiteFideId "30939941"]
[BlackFideId "9901809"]
[EventDate "2025.06.17"]

1. d4 Nf6 2. c4 e6 3. Nc3 Bb4 4. f3 d5 5. a3 Bxc3+ 6. bxc3 O-O 7. cxd5 Nxd5 8.
e4 Nb6 9. h4 c5 10. h5 h6 11. Be3 cxd4 12. cxd4 Nc6 13. Rc1 Qe7 14. Qb3 Rd8 15.
Ne2 Bd7 16. Nf4 Be8 17. Rd1 Na5 18. Qb4 Qxb4+ 19. axb4 Nac4 20. Bc1 a5 21. bxa5
Rxa5 22. Be2 Ra2 23. Kf2 Ba4 24. Rd3 Bb5 25. Kg3 Rd7 26. Rb3 Ba4 27. Rb4 Rxd4
28. Be3 Nxe3 29. Rxd4 e5 30. Rd8+ Kh7 31. Bd3 exf4+ 32. Kxf4 Nxg2+ 33. Kg3 Bc2
34. Rh2 Bxd3 35. Rxd3 Ne1 36. Rb3 Rxh2 37. Kxh2 Nc4 38. Kg3 b6 39. Rb4 Ne5 40.
f4 N5d3 41. Rxb6 Nc5 42. e5 Kg8 43. Rb8+ Kh7 44. Rf8 1-0

[Event "Titled Tue 17th Jun Late"]
[Site "chess.com INT"]
[Date "2025.06.17"]
[Round "6"]
[White "Yanev, Tihomir"]
[Black "Leenhouts, Koen"]
[Result "0-1"]
[WhiteTitle "IM"]
[BlackTitle "GM"]
[WhiteElo "2354"]
[BlackElo "2476"]
[WhiteFideId "2910110"]
[BlackFideId "1008439"]
[EventDate "2025.06.17"]

1. d4 Nf6 2. c4 e6 3. Nf3 d5 4. Nc3 c5 5. cxd5 exd5 6. g3 Nc6 7. Bg2 Be7 8. O-O
O-O 9. Bg5 c4 10. Ne5 Be6 11. Qd2 h6 12. Bxf6 Bxf6 13. f4 Bxe5 14. fxe5 b5 15.
e3 Rb8 16. Ne2 b4 17. Nf4 Qd7 18. Rac1 a5 19. Bf3 Ne7 20. Qg2 Rbc8 21. g4 c3 22.
bxc3 Rxc3 23. Rxc3 bxc3 24. Rc1 Rc8 25. h3 Qb5 26. Qe2 Qb2 27. Rc2 Qb1+ 28. Kg2
Bd7 29. Nxd5 Nxd5 30. Bxd5 Ba4 31. Be4 Bxc2 32. Qxc2 Qxc2+ 33. Bxc2 Rb8 34. Bb3
Rxb3 0-1

[Event "Titled Tue 17th Jun Late"]
[Site "chess.com INT"]
[Date "2025.06.17"]
[Round "6"]
[White "Ady, Jonathan J."]
[Black "Rees, Ioan"]
[Result "1/2-1/2"]
[WhiteTitle "FM"]
[BlackTitle "FM"]
[WhiteElo "2355"]
[BlackElo "2280"]
[WhiteFideId "6000240"]
[BlackFideId "1801236"]
[EventDate "2025.06.17"]

1. e4 e5 2. Nf3 Nc6 3. d4 exd4 4. Nxd4 Nf6 5. Nxc6 bxc6 6. e5 Qe7 7. Qe2 Nd5 8.
h4 a5 9. c4 Qb4+ 10. Nd2 Nf4 11. Qe4 Ne6 12. a3 Qb6 13. Rh3 Bc5 14. Rf3 a4 15.
Bd3 g6 16. Rf6 Be7 17. Rf3 Nc5 18. Qe2 Nxd3+ 19. Rxd3 Bxh4 20. Ne4 O-O 21. Be3
Qa5+ 22. Bd2 Qxe5 23. O-O-O Bf6 24. Bc3 Qf4+ 25. Bd2 Qe5 26. Bc3 Qf4+ 27. Bd2
Qe5 1/2-1/2

[Event "Titled Tue 17th Jun Late"]
[Site "chess.com INT"]
[Date "2025.06.17"]
[Round "6"]
[White "Vazelakis, Dimitrios"]
[Black "Chen, Yidong"]
[Result "0-1"]
[WhiteElo "1857"]
[BlackElo "2074"]
[WhiteFideId "4203674"]
[BlackFideId "8607028"]
[EventDate "2025.06.17"]

1. d4 Nf6 2. Nf3 g6 3. g3 Bg7 4. Bg2 O-O 5. O-O d6 6. Nbd2 c5 7. e4 cxd4 8. Nxd4
Nc6 9. c3 Bd7 10. a4 Qc8 11. Re1 Bh3 12. a5 Bxg2 13. Kxg2 Ne5 14. h3 Nd3 15. Re3
Nxc1 16. Rxc1 Rd8 17. f4 Qc7 18. N2b3 a6 19. Rf3 Nxe4 20. f5 d5 21. Rc2 Bf6 22.
Qf1 Rac8 23. Re2 Qc4 24. h4 Rd6 25. g4 Bxh4 26. fxg6 fxg6 27. Qh1 Bf6 28. Qh6
Bg7 29. Qh4 Rf6 30. Rh3 h6 31. Nf3 Qxe2+ 32. Kh1 Rxf3 33. Rxf3 Qxf3+ 34. Kh2
Be5+ 0-1

[Event "Titled Tue 17th Jun Late"]
[Site "chess.com INT"]
[Date "2025.06.17"]
[Round "6"]
[White "Drygalov, Sergey"]
[Black "Askarov, Bakhtiyar"]
[Result "0-1"]
[WhiteTitle "GM"]
[BlackTitle "IM"]
[WhiteElo "2560"]
[BlackElo "2297"]
[WhiteFideId "24171743"]
[BlackFideId "13701100"]
[EventDate "2025.06.17"]

1. d4 d5 2. c4 e6 3. Nf3 Nf6 4. Nc3 Be7 5. Bf4 a6 6. cxd5 exd5 7. e3 O-O 8. Bd3
Nbd7 9. O-O Re8 10. Rc1 c6 11. Ne5 Nxe5 12. Bxe5 Ng4 13. Bg3 Bd6 14. Qf3 Bxg3
15. Qxg3 Nh6 16. Qf4 Re6 17. e4 Rf6 18. Qd2 dxe4 19. Nxe4 Rg6 20. Nc5 Bf5 21.
Bxf5 Nxf5 22. Nxb7 Qd5 23. f3 Nh4 24. Qc3 Rxg2+ 25. Kh1 Qf5 26. Qxc6 Qh3 27. Qc7
Rg1+ 28. Rxg1 Qxf3+ 29. Rg2 Qxg2# 0-1

[Event "Titled Tue 17th Jun Late"]
[Site "chess.com INT"]
[Date "2025.06.17"]
[Round "6"]
[White "Domingo Nunez, Alejandro"]
[Black "Zou, Chen"]
[Result "0-1"]
[WhiteTitle "FM"]
[BlackTitle "IM"]
[WhiteElo "2340"]
[BlackElo "2443"]
[WhiteFideId "22245561"]
[BlackFideId "8610959"]
[EventDate "2025.06.17"]

1. e4 c5 2. d4 cxd4 3. c3 Nf6 4. e5 Nd5 5. Nf3 Nc6 6. Bc4 Nb6 7. Bb3 d5 8. exd6
e6 9. cxd4 Bxd6 10. O-O O-O 11. Nc3 Bd7 12. Re1 Ne7 13. Ne4 Bc6 14. Neg5 h6 15.
Ne4 Nf5 16. Bc2 Be7 17. Qd3 Nd5 18. a3 Qb6 19. g4 Bb5 20. Qd1 Nh4 21. g5 Nxf3+
22. Qxf3 Qxd4 23. gxh6 g6 24. Ng5 Qf6 25. Qg2 Rac8 26. Be4 Bc6 27. Bd2 Rfd8 28.
Rad1 Nf4 29. Bxf4 Qxf4 30. Bxc6 bxc6 31. Rxd8+ Rxd8 32. h7+ Kg7 0-1

[Event "Titled Tue 17th Jun Late"]
[Site "chess.com INT"]
[Date "2025.06.17"]
[Round "6"]
[White "Distaso, Antonio Pio"]
[Black "Lisenkov, Svyatoslav"]
[Result "0-1"]
[BlackTitle "CM"]
[WhiteElo "2253"]
[BlackElo "2283"]
[WhiteFideId "805548"]
[BlackFideId "34264183"]
[EventDate "2025.06.17"]

1. e4 c5 2. Nf3 d6 3. d4 cxd4 4. Nxd4 Nf6 5. Nc3 a6 6. Be3 e5 7. Nb3 Be6 8. h3
Be7 9. Qf3 Nbd7 10. O-O-O Rc8 11. g4 Rxc3 12. bxc3 h6 13. Kb1 Qc7 14. Bc1 Nb6
15. Qe3 d5 16. Bg2 dxe4 17. Bxe4 Nbd5 18. Bxd5 Nxd5 19. Rxd5 Bxd5 20. Re1 f6 21.
f4 e4 22. Qd4 Qc6 23. c4 Qxc4 24. Qxc4 Bxc4 25. Rxe4 Bd5 26. Re1 Kf7 27. Nd4 Bb4
28. Re2 Rd8 29. Bb2 Bc5 30. a3 b5 31. Nf5 Bc4 32. Re1 a5 33. g5 hxg5 34. fxg5
fxg5 35. Nxg7 Bf2 36. Re5 Rd1+ 37. Bc1 Kxg7 38. Rxg5+ Kf6 39. Rg4 Be3 0-1

[Event "Titled Tue 17th Jun Late"]
[Site "chess.com INT"]
[Date "2025.06.17"]
[Round "6"]
[White "Mayans Calvo, Mariano"]
[Black "El Jawich, Amro"]
[Result "1-0"]
[WhiteTitle "CM"]
[BlackTitle "FM"]
[WhiteElo "2101"]
[BlackElo "2307"]
[WhiteFideId "2251426"]
[BlackFideId "5300380"]
[EventDate "2025.06.17"]

1. e4 g6 2. Nc3 Bg7 3. Bc4 c5 4. Nge2 e6 5. h4 h6 6. h5 g5 7. f4 gxf4 8. Nxf4
Qg5 9. d3 Qg3+ 10. Kf1 Bd4 11. Qe2 Nc6 12. Rh3 Qg7 13. Nb5 Be5 14. c3 a6 15. Na3
b5 16. Bb3 Bb7 17. Nc2 Na5 18. Qf2 Nxb3 19. axb3 Qf8 20. Be3 d6 21. d4 cxd4 22.
cxd4 Bg7 23. d5 Bxb2 24. Rb1 Be5 25. Rf3 Bxf4 26. Bxf4 e5 27. Be3 Rc8 28. Kg1
Rh7 29. Rf1 Rg7 30. Bc1 Qe7 31. Ne3 Qg5 32. Nf5 Qf6 33. Nxh6 Rxc1 34. Rxf6 Rxf1+
35. Qxf1 1-0

[Event "Titled Tue 17th Jun Late"]
[Site "chess.com INT"]
[Date "2025.06.17"]
[Round "6"]
[White "Maghsoodloo, Parham"]
[Black "Pakleza, Zbigniew"]
[Result "1-0"]
[WhiteTitle "GM"]
[BlackTitle "GM"]
[WhiteElo "2691"]
[BlackElo "2484"]
[WhiteFideId "12539929"]
[BlackFideId "1119290"]
[EventDate "2025.06.17"]

1. c4 c6 2. d4 d5 3. e3 Nf6 4. Nc3 Qb6 5. b3 Bf5 6. f3 e6 7. g4 Bg6 8. h4 h6 9.
h5 Bh7 10. Bd3 Bb4 11. Ne2 Bxd3 12. Qxd3 Nbd7 13. Bd2 O-O-O 14. c5 Qc7 15. O-O-O
b6 16. cxb6 axb6 17. Kb1 Bxc3 18. Nxc3 Qa7 19. e4 Kb7 20. e5 Ne8 21. Rc1 Nc7 22.
Rc2 Qa6 23. Qxa6+ Nxa6 24. Ne2 c5 25. f4 Rc8 26. Rhc1 cxd4 27. Rxc8 Rxc8 28.
Rxc8 Kxc8 29. Nxd4 Nac5 30. Kc2 Ne4 31. Be3 Kb7 32. b4 Nf8 33. a4 g6 34. hxg6
fxg6 35. f5 gxf5 36. gxf5 exf5 37. e6 Ng6 38. Nxf5 h5 39. e7 Nxe7 40. Nxe7 h4
41. Nxd5 h3 42. Bf4 Nf2 43. Ne3 Kc6 44. Kc3 b5 45. a5 Ne4+ 46. Kd4 Nd2 47. Ng4
Kb7 48. Bxd2 1-0

[Event "Titled Tue 17th Jun Late"]
[Site "chess.com INT"]
[Date "2025.06.17"]
[Round "6"]
[White "Kostov, Deyan Samuil"]
[Black "Nguyen, Ngoc Truong Son"]
[Result "0-1"]
[WhiteTitle "FM"]
[BlackTitle "GM"]
[WhiteElo "2352"]
[BlackElo "2600"]
[WhiteFideId "30909015"]
[BlackFideId "12401110"]
[EventDate "2025.06.17"]

1. d4 Nf6 2. Bg5 e6 3. e4 h6 4. Bxf6 Qxf6 5. c3 d5 6. Nd2 c5 7. Ngf3 Nc6 8. e5
Qd8 9. dxc5 Bxc5 10. Nb3 Bb6 11. Bd3 Bd7 12. O-O g5 13. Qe2 g4 14. Nfd4 Qg5 15.
Nxc6 bxc6 16. c4 h5 17. c5 Bc7 18. Rfe1 h4 19. g3 hxg3 20. fxg3 Rb8 21. Rab1 Qh5
22. Nd4 Rb4 23. Nc2 Ra4 24. a3 Bxe5 25. b3 Bxg3 26. bxa4 Bxh2+ 27. Kf1 Qh3+ 28.
Qg2 Qxd3+ 29. Re2 Rh3 30. Ke1 Bg3+ 31. Kf1 Rh2 32. Qxg3 Qxe2+ 33. Kg1 Qxc2 34.
Rb8+ Ke7 35. Qd6+ Kf6 36. Qf4+ Qf5 37. Qxf5+ Kxf5 38. Kxh2 e5 39. Rb7 Be6 40.
Rxa7 d4 41. Rb7 d3 42. Rb2 e4 43. a5 Bc4 44. Kg1 e3 45. Rb4 d2 46. Rb1 e2 0-1

[Event "Titled Tue 17th Jun Late"]
[Site "chess.com INT"]
[Date "2025.06.17"]
[Round "6"]
[White "Kobo, Ori"]
[Black "Sohal, Tanraj"]
[Result "1-0"]
[WhiteTitle "GM"]
[BlackTitle "FM"]
[WhiteElo "2493"]
[BlackElo "2234"]
[WhiteFideId "2812320"]
[BlackFideId "2608499"]
[EventDate "2025.06.17"]

1. c4 e6 2. g3 Nf6 3. Bg2 d5 4. Nf3 Be7 5. d4 O-O 6. Nc3 c6 7. O-O b6 8. Qd3 Ba6
9. b3 Nbd7 10. Rd1 Qc8 11. e4 c5 12. exd5 exd5 13. Nb5 dxc4 14. bxc4 cxd4 15.
Nfxd4 Bb7 16. Nf5 Bc5 17. Nbd6 Bxf2+ 18. Kxf2 Ng4+ 19. Kg1 Qc5+ 20. Qd4 Bxg2 21.
Kxg2 Qxd4 22. Rxd4 Nge5 23. Bf4 g6 24. Ne7+ Kg7 25. Re1 f6 26. Nd5 1-0

[Event "Titled Tue 17th Jun Late"]
[Site "chess.com INT"]
[Date "2025.06.17"]
[Round "6"]
[White "Atoyan, Alberto"]
[Black "Yilmaz, Mustafa"]
[Result "0-1"]
[WhiteTitle "CM"]
[BlackTitle "GM"]
[WhiteElo "2266"]
[BlackElo "2586"]
[WhiteFideId "13314831"]
[BlackFideId "6302718"]
[EventDate "2025.06.17"]

1. e4 b6 2. d4 Bb7 3. Bd3 e6 4. Nf3 Nf6 5. Qe2 d5 6. e5 Ne4 7. Nbd2 Nxd2 8. Bxd2
Qd7 9. O-O c5 10. c3 Nc6 11. a3 c4 12. Bc2 Na5 13. Bf4 Bc6 14. Qd1 h6 15. h4 g6
16. Rb1 O-O-O 17. Nd2 Be7 18. Bg3 Rdg8 19. b3 cxb3 20. Nxb3 Nc4 21. Bd3 Ba4 22.
Qe2 Nxa3 23. Ba6+ Kc7 24. Rb2 Qc6 25. Na5 bxa5 26. Rb7+ Qxb7 27. Bxb7 Bb5 28. c4
Bxc4 29. Rc1 Kxb7 30. Qb2+ Ka8 31. h5 Rb8 32. Qc3 Bb4 33. Qf3 Rb7 34. hxg6 fxg6
35. Qf6 Re8 36. Qxg6 Rbb8 37. Qxh6 Nb5 38. Qh5 Nxd4 39. Rxc4 dxc4 40. Qg4 Bc5
41. Qe4+ Rb7 42. Bh4 c3 43. Qg6 Reb8 0-1

[Event "Titled Tue 17th Jun Late"]
[Site "chess.com INT"]
[Date "2025.06.17"]
[Round "6"]
[White "Yazici, Ugur Doga"]
[Black "Yatskar, Martin"]
[Result "1-0"]
[WhiteTitle "CM"]
[BlackTitle "CM"]
[WhiteElo "2161"]
[BlackElo "2225"]
[WhiteFideId "6363342"]
[BlackFideId "34109676"]
[EventDate "2025.06.17"]

1. d4 d5 2. Nf3 c5 3. c4 e6 4. cxd5 exd5 5. Nc3 Nf6 6. Bg5 Be6 7. e3 c4 8. Qc2
Qa5 9. Nd2 Bb4 10. Bxf6 gxf6 11. g3 b5 12. Bg2 Bxc3 13. bxc3 f5 14. a4 Nc6 15.
O-O b4 16. Nxc4 Qa6 17. Nd6+ Ke7 18. Nxf5+ Kd7 19. e4 Bxf5 20. exf5 Qc4 21. f6
Nxd4 22. Qd1 bxc3 23. Qg4+ Ne6 24. Qxc4 dxc4 25. Bxa8 Rxa8 26. Rac1 Kc6 27. Rxc3
Kc5 28. Rfc1 Rb8 29. Rxc4+ Kd5 30. Kg2 Rb2 31. Rh4 Ke5 32. Rxh7 Kxf6 33. Rc4 a5
34. Rh5 Ng5 35. Rc6+ Ne6 36. Rxa5 Kg7 37. Ra7 Ng5 38. Rcc7 Kg6 39. h4 Ne4 40.
Rxf7 Ra2 41. Rf4 Nd2 42. a5 Nb1 43. a6 Nc3 44. Rc4 Nd5 45. Rc5 Ne3+ 46. Kf3 Nd1
47. Rd7 Rxf2+ 48. Kg4 Ne3+ 49. Kh3 Nf1 50. h5+ Kh6 51. Rd6+ Kg7 52. Rc7+ Kf8 53.
Rd8# 1-0

[Event "Titled Tue 17th Jun Late"]
[Site "chess.com INT"]
[Date "2025.06.17"]
[Round "6"]
[White "Gerbelli Neto, Eduardo"]
[Black "Frischmann, Rick"]
[Result "1-0"]
[BlackTitle "FM"]
[WhiteElo "2114"]
[BlackElo "2355"]
[WhiteFideId "2103281"]
[BlackFideId "24660752"]
[EventDate "2025.06.17"]

1. e4 d5 2. exd5 Qxd5 3. Nc3 Qd6 4. d4 Nf6 5. Nf3 Nc6 6. Bb5 a6 7. Bxc6+ Qxc6 8.
O-O b5 9. Ne5 Qb6 10. Be3 Bb7 11. f4 e6 12. f5 O-O-O 13. Nxf7 Bb4 14. Nxh8 Rxh8
15. fxe6 Qxe6 16. Qd3 Kb8 17. Bf4 Rd8 18. Qg3 Qb6 19. Be5 Qc6 20. Qxg7 Rg8 21.
Qxc7+ Qxc7 22. Bxc7+ Kxc7 23. Rxf6 Rxg2+ 24. Kf1 Rxc2 25. Re1 Rxb2 26. Rf7+ Kb8
27. Re8+ Ka7 28. Ne4 Kb6 29. Nc5 Bd5 30. Rf6+ Kc7 31. Re7+ Kd8 32. Rd7+ Ke8 33.
Rxd5 1-0

[Event "Titled Tue 17th Jun Late"]
[Site "chess.com INT"]
[Date "2025.06.17"]
[Round "6"]
[White "Sroczynski, Maciej"]
[Black "Gimeno Martos, Roberto"]
[Result "1-0"]
[WhiteTitle "FM"]
[BlackTitle "CM"]
[WhiteElo "2236"]
[BlackElo "2090"]
[WhiteFideId "1121472"]
[BlackFideId "2226804"]
[EventDate "2025.06.17"]

1. e4 g6 2. d4 Bg7 3. c4 d6 4. Nc3 Nf6 5. f4 O-O 6. Nf3 c6 7. Be2 Bg4 8. O-O
Nbd7 9. e5 Ne8 10. h3 Bxf3 11. Bxf3 dxe5 12. dxe5 Nc5 13. Be3 Qxd1 14. Raxd1 Ne6
15. Rd7 N8c7 16. Rfd1 Rfe8 17. g4 Na6 18. Rxb7 Nec5 19. Bxc6 Nxb7 20. Bxb7 Rab8
21. Bxa6 Rxb2 22. Rd7 f6 23. Bd4 fxe5 24. fxe5 Rd2 25. Ne4 Rd1+ 26. Kf2 Bxe5 27.
Bxe5 Rxd7 28. c5 e6 29. Nf6+ Kf7 30. Nxd7 Rd8 31. c6 Ke7 32. Ke3 1-0

[Event "Titled Tue 17th Jun Late"]
[Site "chess.com INT"]
[Date "2025.06.17"]
[Round "6"]
[White "Bouchet, Sebastien"]
[Black "Clawitter, Craig"]
[Result "1-0"]
[WhiteTitle "CM"]
[WhiteElo "2180"]
[BlackElo "2050"]
[WhiteFideId "623571"]
[BlackFideId "2023105"]
[EventDate "2025.06.17"]

1. e4 e5 2. Nc3 Nf6 3. Nf3 Nc6 4. d4 exd4 5. Nxd4 Bb4 6. Nxc6 bxc6 7. Bd3 d5 8.
exd5 cxd5 9. O-O O-O 10. Bg5 c6 11. Na4 Re8 12. h3 Bd6 13. c3 h6 14. Bh4 g5 15.
Bg3 Bxg3 16. fxg3 Ne4 17. Qf3 Qc7 18. Rfe1 f5 19. Qh5 Re6 20. Bxe4 dxe4 21. Nc5
Rf6 22. Qe8+ Kg7 23. Rad1 Rf7 24. Rd8 Qb6 25. b4 Bd7 26. Qh8+ Kg6 27. Rxa8 f4
28. g4 Bxg4 29. hxg4 1-0

[Event "Titled Tue 17th Jun Late"]
[Site "chess.com INT"]
[Date "2025.06.17"]
[Round "6"]
[White "Melendez Manuel A."]
[Black "Storn, Justin"]
[Result "1-0"]
[WhiteTitle "FM"]
[WhiteElo "2154"]
[BlackElo "2073"]
[WhiteFideId "6706800"]
[BlackFideId "30922720"]
[EventDate "2025.06.17"]

1. e4 e6 2. d4 d5 3. exd5 exd5 4. c4 Nf6 5. Nc3 Bb4 6. Nf3 O-O 7. Be2 dxc4 8.
Bxc4 Bg4 9. Be3 Nc6 10. O-O Bxf3 11. Qxf3 Nxd4 12. Qxb7 Bxc3 13. bxc3 Nc2 14.
Rad1 Qe7 15. Bf4 Rfb8 16. Qf3 Qc5 17. Bb3 Na3 18. Rfe1 a5 19. Re5 Qb6 20. Re7 a4
21. Bxf7+ Kf8 22. Rxc7 Nb5 23. Rc6 Qb7 24. Bxb8 Rxb8 25. Bd5 Qe7 26. Re6 Qd8 27.
Bc4 Qc7 28. Rxf6+ gxf6 29. Qxf6+ Ke8 30. Re1+ Kd7 31. Qe6+ Kd8 32. Qe8# 1-0

[Event "Titled Tue 17th Jun Late"]
[Site "chess.com INT"]
[Date "2025.06.17"]
[Round "6"]
[White "Khlebovich, Alexander"]
[Black "Barp, Alberto"]
[Result "1-0"]
[WhiteTitle "IM"]
[BlackTitle "IM"]
[WhiteElo "2423"]
[BlackElo "2414"]
[WhiteFideId "4169123"]
[BlackFideId "872555"]
[EventDate "2025.06.17"]

1. d4 Nf6 2. c4 e6 3. Nf3 Bb4+ 4. Nbd2 c5 5. g3 cxd4 6. Bg2 Nc6 7. O-O e5 8. a3
Be7 9. b4 d6 10. Bb2 O-O 11. Nb3 Be6 12. Rc1 h6 13. Re1 Rc8 14. e3 dxe3 15. Rxe3
Nd7 16. Nfd2 Qc7 17. Rd3 Rfd8 18. Bd5 Nb6 19. Bxe6 fxe6 20. Qg4 Bf6 21. Qxe6+
Qf7 22. Qxf7+ Kxf7 23. Ne4 Be7 24. c5 dxc5 25. Nbxc5 Bxc5 26. Rxd8 Nxd8 27. bxc5
Na4 28. Nd6+ Ke6 29. Nxc8 Nxb2 30. Nxa7 Nd3 31. Rc3 e4 32. f3 Kd5 33. fxe4+ Kxe4
34. c6 bxc6 35. Nxc6 Ne6 36. a4 Ng5 37. a5 Nf3+ 38. Kg2 Nfe1+ 39. Kf1 1-0

[Event "Titled Tue 17th Jun Late"]
[Site "chess.com INT"]
[Date "2025.06.17"]
[Round "6"]
[White "Hungaski, Robert"]
[Black "Thomforde-Toates, Noah"]
[Result "0-1"]
[WhiteTitle "GM"]
[WhiteElo "2477"]
[BlackElo "2128"]
[WhiteFideId "2021030"]
[BlackFideId "30951992"]
[EventDate "2025.06.17"]

1. c3 Nf6 2. g3 g6 3. Bg2 Bg7 4. Nf3 O-O 5. O-O d6 6. d3 e5 7. e4 Nc6 8. b4 Bg4
9. Nbd2 Qd7 10. Re1 Nh5 11. Qb3 Kh8 12. b5 Ne7 13. d4 f5 14. dxe5 dxe5 15. exf5
Qxf5 16. Ba3 Rae8 17. Bc5 b6 18. Nh4 Qd3 19. Be3 Nf5 20. Nxf5 gxf5 21. h3 f4 22.
Be4 Qd8 23. hxg4 fxe3 24. Nf3 exf2+ 25. Kxf2 Nf6 26. Bf5 e4 27. Nd4 Nxg4+ 28.
Kg2 Bxd4 29. Bxg4 Rf2+ 30. Kh3 Qg5 31. Qf7 Rxf7 0-1

[Event "Titled Tue 17th Jun Late"]
[Site "chess.com INT"]
[Date "2025.06.17"]
[Round "6"]
[White "Garzon Zapatanga, Christopher Leonel"]
[Black "Ivashentseva, Dominika"]
[Result "0-1"]
[WhiteTitle "FM"]
[BlackTitle "WCM"]
[WhiteElo "2155"]
[BlackElo "1969"]
[WhiteFideId "3634787"]
[BlackFideId "34331050"]
[EventDate "2025.06.17"]

1. b3 d5 2. Bb2 Nf6 3. e3 c5 4. Nf3 Nc6 5. c4 e6 6. Be2 d4 7. exd4 cxd4 8. d3 e5
9. O-O Bd6 10. a3 O-O 11. b4 Bg4 12. Nxd4 exd4 13. Bxg4 Qc7 14. g3 Nxg4 15. Qxg4
f5 16. Qd1 f4 17. b5 fxg3 18. hxg3 Bxg3 19. bxc6 Bh2+ 20. Kh1 Rf6 21. Qg4 Rh6
22. Nd2 Bf4+ 23. Kg2 Bxd2 24. Kf3 Re8 25. Qd7 Qf4+ 26. Kg2 Rg6+ 27. Kh3 Qh6# 0-1

[Event "Titled Tue 17th Jun Late"]
[Site "chess.com INT"]
[Date "2025.06.17"]
[Round "6"]
[White "Ibarra Carlos Roberto"]
[Black "Uyanga, Byambaa"]
[Result "1-0"]
[WhiteTitle "FM"]
[BlackTitle "WFM"]
[WhiteElo "2116"]
[BlackElo "2006"]
[WhiteFideId "6707173"]
[BlackFideId "2054906"]
[EventDate "2025.06.17"]

1. d4 Nf6 2. Nc3 g6 3. e4 d6 4. Bg5 Bg7 5. Qd2 O-O 6. f3 c5 7. d5 e6 8. O-O-O
exd5 9. Nxd5 Be6 10. Nxf6+ Bxf6 11. Bxf6 Qxf6 12. Qxd6 Nc6 13. Qxc5 Rac8 14. c3
Bxa2 15. Nh3 Bb3 16. Rd6 Qh4 17. Bb5 Be6 18. Bxc6 bxc6 19. Qg5 Qxg5+ 20. Nxg5
Bb3 21. Re1 Kg7 22. e5 Rfd8 23. Ne4 Bd5 24. Nc5 Rb8 25. Rxd8 Rxd8 26. e6 fxe6
27. Nxe6+ Bxe6 28. Rxe6 Rd7 29. Rxc6 Rb7 30. b4 h5 31. h4 Kf7 32. Kc2 Re7 33.
Kb3 Re2 34. g4 1-0

[Event "Titled Tue 17th Jun Late"]
[Site "chess.com INT"]
[Date "2025.06.17"]
[Round "6"]
[White "Kjaergaard-Jensen, Jesper"]
[Black "Reprintsev, Alexander"]
[Result "0-1"]
[WhiteTitle "CM"]
[BlackTitle "IM"]
[WhiteElo "2081"]
[BlackElo "2256"]
[WhiteFideId "1406990"]
[BlackFideId "14100541"]
[EventDate "2025.06.17"]

1. d4 d5 2. Nf3 Bf5 3. c3 e6 4. Bg5 Qd6 5. e3 Qb6 6. Qb3 Nc6 7. Nbd2 Bd6 8. Nh4
h6 9. Nxf5 hxg5 10. Nxd6+ cxd6 11. Qxb6 axb6 12. a3 g4 13. Be2 f5 14. O-O-O Nf6
15. f3 gxf3 16. gxf3 Kf7 17. Rdf1 Rh4 18. Rf2 Rah8 19. Rg2 Ne7 20. Rhg1 g6 21.
Nf1 e5 22. Bd1 Ke6 23. Bb3 Kd7 24. Rxg6 Nxg6 25. Rxg6 R4h6 26. Rg7+ Kc8 27. Bc2
e4 28. f4 R8h7 29. Rg5 Rh5 30. Ng3 Rxg5 31. fxg5 Ng4 32. Nxf5 Rxh2 33. g6 Rg2
34. g7 Nf6 35. Ba4 Kc7 36. Kb1 Rg5 37. Ne7 Rxg7 38. Nf5 Rg5 39. Ne7 Rg3 40. Nf5
Rf3 41. Ng7 Rxe3 42. Ne6+ Kb8 43. Bc2 Re1+ 44. Ka2 Ng4 45. Nf4 Ne3 0-1